000 00307nam a22001337a 4500
008 170126b xxu||||| |||| 00| 0 eng d
020 _a9780323009096
041 _aeng
080 _24TH
_a61
100 _a3
101 _aMED
245 _aCLINICAL ASSESSMENT IN RESPIRATORY CARE
_cWILKINS
942 _2udc
_cBK
999 _c3793
_d3793